Longest Metallica Songs By Album - Statistics

General Stats
  • This quiz has been taken 76 times
    58 since last reset
  • The average score is 7 of 11
Answer Stats
Album Song Length Song % Correct
Master of Puppets 8:35 Master of Puppets
94%
Ride the Lightning 8:53 The Call of Ktulu
84%
...And Justice for All 9:48 To Live is to Die
84%
Kill 'Em All 7:12 The Four Horsemen
78%
72 Seasons 11:10 Inamorata
68%
Load 9:48 The Outlaw Torn
52%
Metallica 6:49 My Friend of Misery
50%
Death Magnetic 9:57 Suicide and Redemption
44%
Reload 8:15 Fixxxer
40%
Hardwired... to Self Destruct 8:15 Halo on Fire
38%
St. Anger 8:45 All Within My Hands
30%
No matching quizzes found
Score Distribution
Percent of People with Each Score
Percentile by Number Answered
Your Score History
You have not taken this quiz since the last reset